LEADER 01318nam a2200289 i 4500 001 991001922539707536 008 060531s2002 it 000 0 ita d 020 $a8837113277 035 $ab13448511-39ule_inst 040 $aDip.to Ingegneria dell'Innovazione$bita 082 0 $a624.1773 100 1 $aCarpinteri, Alberto$030793 245 10$aCalcolo dei telai piani :$besempi ed esercizi /$cA. Carpinteri, G. Lacidogna, C. Surace 260 $aBologna :$bPitagora,$c2002 300 $aviii, 518 p. ;$c27 cm 440 0$aIngegneria strutturale ;$v7 650 4$aStructural frames 700 1 $aLacidogna, Giuseppe 700 1 $aSurace, Cecilia 907 $a.b13448511$b07-10-11$c30-10-06 912 $a991001922539707536 945 $aLE026 624.1773 D CAR 01.01 C.1 2002$cC.1$g1$i2026000029917$lle026$nProf. Micelli / Biblioteca$op$pE38.00$q-$rn$s- $t1$u0$v0$w0$x0$y.i1430904x$z30-10-06 945 $aLE026 624.1773 D CAR 01.01 C.2 2002$cC.2$g1$i2026000029924$lle026$nProf. Micelli / Biblioteca$op$pE38.00$q-$rl$s- $t0$u23$v3$w23$x0$y.i14309051$z30-10-06 945 $aLE016 624.177 CAR 01.01$g1$i2016000115451$lle016$on$pE38.80$q-$rn$so $t0$u0$v0$w0$x0$y.i14796569$z08-07-08 996 $aCalcolo dei telai piani$91098744 997 $aUNISALENTO 998 $ale026$ale016$b31-05-06$cm$da $e-$fita$git $h0$i0 LEADER 01729nam 22005174a 450 001 9910780145503321 005 20230607213832.0 010 $a0-309-16995-X 010 $a0-309-51025-2 035 $a(CKB)111069351125330 035 $a(SSID)ssj0000111987 035 $a(PQKBManifestationID)11127874 035 $a(PQKBTitleCode)TC0000111987 035 $a(PQKBWorkID)10102381 035 $a(PQKB)11531041 035 $a(MiAaPQ)EBC3375263 035 $a(Au-PeEL)EBL3375263 035 $a(CaPaEBR)ebr10032472 035 $a(OCoLC)923255548 035 $a(EXLCZ)99111069351125330 100 $a20020129d2002 uy 0 101 0 $aeng 135 $aurcn||||||||| 181 $ctxt 182 $cc 183 $acr 200 00$aBiological threats and terrorism$b[electronic resource] $eassessing the science and response capabilities : workshop summary /$fStacey L. Knobler, Adel A.F. Mahmoud, and Leslie A. Pray, editors 210 $aWashington, DC $cNational Academy Press$dc2002 215 $axvi, 317 p. $cill 300 $a"Based on a workshop of the Forum on Emerging Infections, Board on Global Health, Institute of Medicine." 311 $a0-309-08253-6 320 $aIncludes bibliographical references. 606 $aBioterrorism$vCongresses 615 0$aBioterrorism 676 $a363.3/2 701 $aKnobler$b Stacey$01479153 701 $aMahmoud$b Adel A. F$0101473 701 $aPray$b Leslie A$0880793 712 02$aInstitute of Medicine (U.S.).$bForum on Emerging Infections. 801 0$bMiAaPQ 801 1$bMiAaPQ 801 2$bMiAaPQ 906 $aBOOK 912 $a9910780145503321 996 $aBiological threats and terrorism$93716979 997 $aUNINA